| 000 | 00690cam a2200193 4500 | ||
|---|---|---|---|
| 001 | ABS61049 | ||
| 008 | 000000n1999 000 0 eng u | ||
| 035 | _a(Sirsi) u101603 | ||
| 100 | _aRoberts, J. | ||
| 245 | _aWaterloo's sunrise. | ||
| 260 | _c1999 | ||
| 490 |
_aEstates Gazette _v(9929) 24 July 1999, 51-54(4) |
||
| 520 | _aLooks at proposals to transform the 30 acre area around Waterloo station. Plans include the modernisation of the South Bank centre, redevelopment of Waterloo station and the creation of retail and leisure space around the Bullring. | ||
| 650 | _aWATERLOO | ||
| 650 | _aLONDON | ||
| 650 | _aSOUTH BANK OF LONDON | ||
| 690 | _aURBAN RENEWAL | ||
| 942 | _n0 | ||
| 999 |
_c60735 _d60735 |
||